[Event "2010 Standard Chess Dropout Tournament, Round 1"]
[Site "SchemingMind.com"]
[Date "2009.11.10"]
[Round "1"]
[White "tecamac"]
[Black "diggies"]
[Result "1-0"]
[WhiteCountry "FRA"]
[BlackCountry "USA"]
[WhiteElo "1685"]
[WhiteRD "108"]
[BlackElo "1757"]
[BlackRD "83"]
[GameID "226058"]

1. e4 e5 2. Nf3 Nf6 3. Nc3 d6 4. Bc4 Be7 5. d3 h6 6. h3 O-O 7. Nh2 c6 8. Ng4 Nxg4 9. hxg4 a5 10. a3 Bg5
11. g3 Bxc1 12. Qxc1 Bxg4 13. Qe3 Qf6 14. Rh4 Qf3 15. Qxf3 Bxf3 16. Kd2 Kh7 17. Rg1 g5 18. Rh3 f5 19. Be6 fxe4 20. dxe4 d5
21. Bf5+ Kg7 22. g4 dxe4 23. Ke3 Na6 24. Bxe4 Bxe4 25. Nxe4 Nc7 26. c4 Nd5+ 27. cxd5 cxd5 28. Nd6 Rf6 29. Nf5+ Kf7 30. Rxh6 Rxh6
31. Nxh6+ Ke6 32. Nf5 Rc8 33. Rh1 Rc2 34. Rh6+ Kd7 35. Rd6+ Kc7 36. Rxd5 b6 37. Rb5 Kc6 38. a4 Rc4 39. f3 Rxa4 40. Rxe5 Rb4
41. Nd4+ Kd6 42. Rb5 Rxb5 43. Nxb5+ Kd5 44. Nc3+ Kc4 45. Ne4 a4 46. Nxg5 Kb3 47. Ne4 Kxb2 48. Nd6 Kb3 49. Nb5 Kb4 50. Nd4 Kc4
51. Nc2 Kc3 52. Na3 Kb3 53. g5 Kxa3 54. g6 b5 55. g7 b4 56. g8=Q b3 57. Kd3 b2 58. Kc2
1-0

[Event "2010 Standard Chess Dropout Tournament, Round 1"]
[Site "SchemingMind.com"]
[Date "2009.11.14"]
[Round "1"]
[White "thaipham"]
[Black "Sebastian Strauchler"]
[Result "0-1"]
[WhiteCountry "AUS"]
[BlackCountry "ARG"]
[WhiteElo "1655"]
[WhiteRD "88"]
[BlackElo "2173"]
[BlackRD "108"]
[GameID "226059"]

1. d4 Nf6 2. c4 g6 3. Nc3 d5 4. cxd5 Nxd5 5. e4 Nxc3 6. bxc3 Bg7 7. Bc4 c5 8. Ne2 Nc6 9. Be3 O-O 10. O-O Bg4
11. f3 Na5 12. Bd3 cxd4 13. cxd4 Be6 14. Rc1 Bxa2 15. Qa4 Bb3 16. Qb4 b6 17. d5 Qd6 18. Qd2 Rac8 19. Nd4 Nc4 20. Bxc4 Bxc4
21. Rfe1 b5 22. Nc6 a6 23. Bf4 Qa3 24. Bg3 e6 25. Ne5 exd5 26. exd5 Qc5+ 27. Kh1 Rfd8 28. Nc6 Rxc6
0-1

[Event "2010 Standard Chess Dropout Tournament, Round 1"]
[Site "SchemingMind.com"]
[Date "2009.11.11"]
[Round "1"]
[White "The Stonewall"]
[Black "Mel-o-rama"]
[Result "1-0"]
[WhiteCountry "ENG"]
[BlackCountry "USA"]
[WhiteElo "2249"]
[WhiteRD "83"]
[BlackElo "1829"]
[BlackRD "83"]
[GameID "226060"]

1. d4 Nf6 2. c4 g6 3. Nc3 d5 4. Nf3 Bg7 5. Bg5 Ne4 6. Bh4 Nxc3 7. bxc3 dxc4 8. Qa4+ Qd7 9. Qxc4 b6 10. Qb3 Ba6
11. e3 Bxf1 12. Kxf1 O-O 13. Rb1 Nc6 14. e4 e6 15. h3 Na5 16. Qb5 Qxb5+ 17. Rxb5 Rfb8 18. Ke2 a6 19. Rbb1 Nc4 20. Nd2 Nxd2
21. Kxd2 b5 22. f3 f5 23. Rhe1 Kf7 24. exf5 exf5 25. Re7+ Kg8 26. Rxc7 Bh6+ 27. Kd3 Bf4 28. Re7 Bd6 29. Rd7
1-0

[Event "2010 Standard Chess Dropout Tournament, Round 1"]
[Site "SchemingMind.com"]
[Date "2009.11.09"]
[Round "1"]
[White "thefriediceman"]
[Black "JMD"]
[Result "1-0"]
[WhiteCountry "USA"]
[BlackCountry "GBR"]
[WhiteElo "1898"]
[WhiteRD "67"]
[BlackElo "1464"]
[BlackRD "86"]
[GameID "226062"]

1. e4 d5 2. exd5 Qxd5 3. Nc3 Qe5+ 4. Qe2 Qxe2+ 5. Bxe2 c6 6. Nf3 h6 7. d3 e6 8. Bf4 Nd7 9. Ne4 Nc5 10. Nxc5 Bxc5
11. d4 Bb6 12. c3 f6 13. O-O g5 14. Bd6 Kd7 15. Ba3 Bc7 16. Rfe1 b5 17. Bd3 Ke8 18. Bg6+ Kd7 19. Bf7 e5 20. dxe5 Bxe5
21. Nxe5+ fxe5 22. Rxe5 Kc7 23. Rd1 Bg4 24. f3 Bd7 25. Bxg8 Rhxg8 26. Re7 Rad8 27. Bb4 Kc8 28. Ba5 Rge8 29. Bxd8 Rxd8 30. Rh7 Bf5
31. Rxd8+ Kxd8 32. Rxh6 g4 33. fxg4 Be4 34. g5 Bd5 35. a3 Ke8 36. Rf6 a5 37. h4 Ke7 38. h5 Be4 39. h6 c5 40. Kf2 c4
41. g3 b4 42. axb4 axb4 43. cxb4 Bd3 44. b5 Be4 45. b6
1-0

[Event "2010 Standard Chess Dropout Tournament, Round 1"]
[Site "SchemingMind.com"]
[Date "2009.11.14"]
[Round "1"]
[White "Theodoric"]
[Black "pawngrabber"]
[Result "0-1"]
[WhiteCountry "ENG"]
[BlackCountry "ENG"]
[WhiteElo "1961"]
[WhiteRD "68"]
[BlackElo "1921"]
[BlackRD "84"]
[GameID "226063"]

1. e4 d6 2. d4 Nf6 3. Nc3 g6 4. Bg5 Bg7 5. Qd2 h6 6. Bf4 g5 7. Bg3 Nh5 8. O-O-O Nc6 9. Bb5 Bd7 10. Bxc6 Bxc6
11. d5 Bd7 12. Nge2 c6 13. f3 Nxg3 14. hxg3 Qa5 15. g4 c5 16. Kb1 b5 17. Nc1 b4 18. Nb3 bxc3 19. Nxa5 cxd2 20. Nc4 Rb8
21. e5 Bb5 22. Na3 Bxe5 23. Rxd2 Ba6 24. b3 Bc3 25. Rdd1 c4 26. Kc1 cxb3 27. axb3 Kd7 28. Nb1 Bg7 29. Nd2 Rhc8 30. c4 Rb4
31. Kc2 Rc5 32. g3 Bb7 33. Ne4 Ra5 34. f4 Ra2+
0-1

[Event "2010 Standard Chess Dropout Tournament, Round 1"]
[Site "SchemingMind.com"]
[Date "2009.11.11"]
[Round "1"]
[White "TONYTODD11"]
[Black "maro"]
[Result "1-0"]
[WhiteCountry "ENG"]
[BlackCountry "MEX"]
[WhiteElo "1527"]
[WhiteRD "82"]
[BlackElo "1327"]
[BlackRD "48"]
[GameID "226064"]

1. e4 Nc6 2. Nf3 e5 3. Nc3 Bb4 4. Nd5 Bc5 5. Bc4 Nf6 6. Ng5 Nxe4 7. Nxe4 Bd4 8. c3 Bxf2+ 9. Nxf2 O-O 10. O-O d6
11. Ne4 f6 12. Ng3 Be6 13. Qb3 Na5 14. Nxf6+ Rxf6 15. Bxe6+ Kh8 16. Qd5 Nc6 17. d4 Ne7 18. Qc4 Rxf1+ 19. Qxf1
1-0

[Event "2010 Standard Chess Dropout Tournament, Round 1"]
[Site "SchemingMind.com"]
[Date "2009.11.14"]
[Round "1"]
[White "Trener"]
[Black "C. H. O'D. Schlechter"]
[Result "0-1"]
[WhiteCountry "PAR"]
[BlackCountry "USA"]
[WhiteElo "2157"]
[WhiteRD "110"]
[BlackElo "2409"]
[BlackRD "75"]
[GameID "226065"]

1. d4 f5 2. g3 Nf6 3. c4 e6 4. Bg2 c6 5. Nf3 d5 6. b3 Bd6 7. O-O Qe7 8. Ne5 O-O 9. Qc2 Nbd7 10. Bb2 Ne4
11. f3 Nef6 12. e3 c5 13. f4 b6 14. Nc3 Bb7 15. Nb5 cxd4 16. exd4 Ne4 17. Qe2 Rfc8 18. Nxd6 Qxd6 19. Rac1 Nxe5 20. fxe5 Qe7
21. g4 g6 22. Qe3 Rf8 23. gxf5 gxf5 24. Rf4 Kh8 25. Rc2 dxc4 26. bxc4 Rg8 27. Kh1 Rac8 28. Bf3 Qb4 29. c5 bxc5
0-1

[Event "2010 Standard Chess Dropout Tournament, Round 1"]
[Site "SchemingMind.com"]
[Date "2009.11.10"]
[Round "1"]
[White "TRFz"]
[Black "Wolli"]
[Result "1-0"]
[WhiteCountry "GBR"]
[BlackCountry "GER"]
[WhiteElo "2204"]
[WhiteRD "82"]
[BlackElo "1838"]
[BlackRD "78"]
[GameID "226066"]

1. d4 d5 2. c4 e6 3. Nc3 Be7 4. Nf3 Nf6 5. Bg5 h6 6. Bxf6 Bxf6 7. e3 O-O 8. Rc1 c6 9. Bd3 Nd7 10. cxd5 exd5
11. b4 a6 12. a4 Be7 13. b5 c5 14. Nxd5 cxd4 15. Nxe7+ Qxe7 16. Nxd4 Ne5 17. O-O Nxd3 18. Qxd3 Rd8 19. Qc2 axb5 20. axb5 Bd7
21. Qc7 Rab8 22. Qf4 Qb4 23. Rc7
1-0

[Event "2010 Standard Chess Dropout Tournament, Round 1"]
[Site "SchemingMind.com"]
[Date "2009.11.10"]
[Round "1"]
[White "tyler_ensor"]
[Black "simon_w"]
[Result "0-1"]
[WhiteCountry "CAN"]
[BlackCountry "IRL"]
[WhiteElo "1812"]
[WhiteRD "66"]
[BlackElo "1933"]
[BlackRD "74"]
[GameID "226067"]

1. d4 Nf6 2. c4 g6 3. Nc3 Bg7 4. e4 d6 5. f3 O-O 6. Be3 Nc6 7. Nge2 a6 8. Qd2 Rb8 9. Nc1 e5 10. d5 Ne7
11. b4 c6 12. Nb3 cxd5 13. Nxd5 Nexd5 14. cxd5 Ne8 15. g4 f5 16. gxf5 gxf5 17. Bd3 f4 18. Ba7 Ra8 19. Bf2 Bh3 20. Ke2 Qd7
21. Rhg1 Kh8 22. Rac1 Bf6 23. Rc2 Nc7 24. Rgc1 Nb5 25. Bxb5 Qxb5+ 26. Qd3 Qxb4 27. Rc7 Qb5 28. Qxb5 axb5 29. Rxb7 Rxa2+ 30. Ke1 Rb2
31. Rxb5 Rg8 32. Rc7 Bh4
0-1

[Event "2010 Standard Chess Dropout Tournament, Round 1"]
[Site "SchemingMind.com"]
[Date "2009.11.09"]
[Round "1"]
[White "Uzi Mike"]
[Black "saxon"]
[Result "0-1"]
[WhiteCountry "USA"]
[BlackCountry "GER"]
[WhiteElo "2197"]
[WhiteRD "83"]
[BlackElo "2437"]
[BlackRD "98"]
[GameID "226069"]

1. Nf3 Nf6 2. c4 e6 3. d4 d5 4. Nc3 c6 5. Bg5 h6 6. Bh4 dxc4 7. e4 g5 8. Bg3 b5 9. Be2 Bb7 10. h4 g4
11. Ne5 Nbd7 12. Nxd7 Qxd7 13. Be5 Qe7 14. Bxg4 Rg8 15. Bh3 b4 16. Ne2 Nxe4 17. Qc2 c5 18. Qa4+ Qd7 19. Qxd7+ Kxd7 20. f3 Nd6
21. O-O-O Kc6 22. dxc5 Kxc5 23. Rd2 Bd5 24. Nf4 Nb5 25. Nxd5 exd5 26. Rhd1 Rd8 27. Bf6 Rd6 28. Be5 d4 29. Bf5 Rd5 30. Bh7 Rxe5
31. Bxg8 Bd6 32. Rc2 c3 33. Bh7 Re3 34. Kb1 Bf4 35. Ka1 Nd6 36. Bd3 Rxd3 37. Rxd3 Kc4 38. Rd1 d3 39. b3+ Kd4 40. g3 Bxg3
41. Re2 Bxh4 42. Kb1 Bg5 43. f4 Bxf4 44. Rf2 Ne4 45. Rxd3+ Kxd3 46. Rxf4 Kd2
0-1

[Event "2010 Standard Chess Dropout Tournament, Round 1"]
[Site "SchemingMind.com"]
[Date "2009.11.09"]
[Round "1"]
[White "Valiantangel"]
[Black "mark74"]
[Result "1-0"]
[WhiteCountry "SGP"]
[BlackCountry "USA"]
[WhiteElo "1600"]
[WhiteRD "105"]
[BlackElo "1612"]
[BlackRD "92"]
[GameID "226070"]

1. d4 d5 2. c4 e6 3. Nf3 Nf6 4. Nc3 Be7 5. Bg5 O-O 6. cxd5 Nxd5 7. Bxe7 Qxe7 8. e4 Nxc3 9. bxc3 c5 10. Bd3 cxd4
11. cxd4 Nc6 12. O-O b6 13. e5 Bb7 14. Qe2 Rfd8 15. Rfd1 Rac8 16. Qe4 f5 17. exf6 Qxf6 18. Qxh7+ Kf7 19. Qh5+ Ke7 20. Rac1 Nb4
21. Bb1 Nd5 22. Ne5 Nf4 23. Qg4 Rxd4 24. Rxc8 Rxd1+ 25. Qxd1 Bxc8 26. Nc6+ Kf8 27. Qd6+ Kg8 28. Ne7+ Kf7 29. Nxc8 Qg5 30. Qd7+ Kf8
31. g3 Nd5 32. Be4 Ne7 33. Qxe7+ Qxe7 34. Nxe7 Kxe7 35. Bd3
1-0

[Event "2010 Standard Chess Dropout Tournament, Round 1"]
[Site "SchemingMind.com"]
[Date "2009.11.10"]
[Round "1"]
[White "wayder"]
[Black "Phillip Beckett"]
[Result "1-0"]
[WhiteCountry "USA"]
[BlackCountry "ENG"]
[WhiteElo "1918"]
[WhiteRD "98"]
[BlackElo "1664"]
[BlackRD "64"]
[GameID "226071"]

1. d4 d5 2. c4 e6 3. Nc3 Nf6 4. cxd5 exd5 5. Bg5 Be7 6. e3 h6 7. Bh4 O-O 8. Bd3 c6 9. Qc2 Nbd7 10. Nge2 Re8
11. O-O Nf8 12. f3 N6d7 13. Bg3 Bh4 14. e4 dxe4 15. fxe4 Bxg3 16. Nxg3 Qg5 17. Bc4 Nb6 18. Bxf7+
1-0

[Event "2010 Standard Chess Dropout Tournament, Round 1"]
[Site "SchemingMind.com"]
[Date "2009.11.14"]
[Round "1"]
[White "wilfried"]
[Black "Chess_Man01"]
[Result "1/2-1/2"]
[WhiteCountry "GER"]
[BlackCountry "GBR"]
[WhiteElo "2422"]
[WhiteRD "110"]
[BlackElo "2314"]
[BlackRD "68"]
[GameID "226072"]

1. d4 Nf6 2. c4 e6 3. g3 d5 4. Bg2 dxc4 5. Nf3 Nc6 6. Qa4 Bb4+ 7. Bd2 Nd5 8. Bxb4 Nxb4 9. O-O Rb8 10. Nc3 a6
11. Ne5 O-O 12. Bxc6 Nxc6 13. Nxc6 bxc6 14. Rfd1 Rxb2 15. Qxc4 Qd6 16. Rab1 Rb6 17. Rb3 e5 18. Rxb6 cxb6 19. dxe5 Qxe5= 20. Qxc6 b5
21. Rd5 Qe8 22. Qb6 Be6 23. Rd6 Bg4 24. Rd3 Bh3 25. f3 Qc8 26. Kf2 Be6 27. a4 Bc4 28. Re3= bxa4 29. Nxa4 Qh3 30. Kg1 Qd7
31. Nc3 Qd2 32. Kf2 h6 33. Ne4 Qd1=
1/2-1/2

[Event "2010 Standard Chess Dropout Tournament, Round 1"]
[Site "SchemingMind.com"]
[Date "2009.11.11"]
[Round "1"]
[White "willygor"]
[Black "Faloan"]
[Result "0-1"]
[WhiteCountry "ARG"]
[BlackCountry "GER"]
[WhiteElo "1826"]
[WhiteRD "78"]
[BlackElo "2217"]
[BlackRD "99"]
[GameID "226073"]

1. e4 c5 2. f4 d5 3. Bb5+ Bd7 4. Bxd7+ Qxd7 5. e5 Nc6 6. Nf3 e6 7. O-O Nge7 8. Nc3 Nf5 9. a3 Be7 10. Qe1 Ncd4
11. Nxd4 cxd4 12. Nd1 Rc8 13. c3 Bc5 14. Kh1 h5 15. Rf3 f6 16. d3 Kf7 17. Bd2 Rh6 18. Nf2 Ne3 19. Bxe3 dxe3 20. Nd1 d4
21. Rc1 Rhh8 22. cxd4 Qxd4 23. Rc3 Bb6 24. Qxe3 Qxc3 25. Nxc3 Bxe3 26. Rxe3 Ke7 27. d4 Rhd8 28. Rd3 Rc4 29. g3 Rcxd4
0-1

[Event "2010 Standard Chess Dropout Tournament, Round 1"]
[Site "SchemingMind.com"]
[Date "2009.11.12"]
[Round "1"]
[White "Wolli"]
[Black "Archr"]
[Result "1-0"]
[WhiteCountry "GER"]
[BlackCountry "USA"]
[WhiteElo "1838"]
[WhiteRD "78"]
[BlackElo "1586"]
[BlackRD "93"]
[GameID "226075"]

1. c4 Nf6 2. g3 e5 3. Bg2 d5 4. cxd5 Nxd5 5. Nf3 Nc6 6. O-O Nb6 7. b3 Bd6 8. Bb2 Qe7 9. Nc3 Bd7 10. d4 exd4
11. Nxd4 O-O-O 12. Nxc6 bxc6 13. Qd3 Kb8 14. Qa6 Qe5 15. Rad1 h5 16. Na4 Qb5 17. Qxb5 cxb5 18. Nxb6 axb6 19. Bxg7 Rhg8 20. Bf6 Rde8
21. e3 Kc8 22. Rd5 Re6 23. Bh4 c6 24. Rxh5 c5 25. Rh7 f5 26. Bd5
1-0

[Event "2010 Standard Chess Dropout Tournament, Round 1"]
[Site "SchemingMind.com"]
[Date "2009.11.09"]
[Round "1"]
[White "Zerstörer"]
[Black "michalis"]
[Result "0-1"]
[WhiteCountry "ITA"]
[BlackCountry "GRE"]
[WhiteElo "1903"]
[WhiteRD "85"]
[BlackElo "1894"]
[BlackRD "72"]
[GameID "226076"]

1. e4 c5 2. Nc3 d6 3. g3 Nc6 4. Bg2 g6 5. d3 Bg7 6. f4 e6 7. Nf3 Nge7 8. O-O O-O 9. Be3 Nd4 10. e5 Bd7
11. Ne4 Nef5 12. Bf2 Nxf3+ 13. Bxf3 Bc6 14. g4 Nd4 15. Bxd4 Bxe4 16. Bc3 Bxf3 17. Qxf3 d5 18. b3 Qc7 19. Qf2 b6 20. Bb2 Rfe8
21. Rac1 b5 22. c4 bxc4 23. dxc4 d4 24. Rfd1 Qb6 25. Rd3 a5 26. Qh4 a4 27. Ba3 axb3 28. Rxb3 Qc6 29. Rcb1 Qe4 30. Qf2 Rxa3
31. Re1 Qa8 32. Reb1 Rxa2 33. Qh4 Qg2#
0-1

[Event "2010 Standard Chess Dropout Tournament, Round 2"]
[Site "SchemingMind.com"]
[Date "2010.03.03"]
[Round "2"]
[White "agarr"]
[Black "juditfan"]
[Result "1-0"]
[WhiteCountry "RUS"]
[BlackCountry "ITA"]
[WhiteElo "1772"]
[WhiteRD "73"]
[BlackElo "1576"]
[BlackRD "102"]
[GameID "240601"]

1. e4 c5 2. Nf3 Nc6 3. Bc4 e6 4. Nc3 d6 5. O-O Nf6 6. Re1 Be7 7. d4 cxd4 8. Nxd4 O-O 9. Nxc6 bxc6 10. b3 Bb7
11. Bb2 Qc7 12. Qf3 d5 13. exd5 cxd5 14. Nb5 Qb6 15. Bd3 Bc6 16. Nd4 Bb7 17. Qh3 g6 18. Nf3 Rfc8 19. Ng5 Nh5 20. g4 Bxg5
21. gxh5 Ba6 22. hxg6 hxg6 23. Qh8#
1-0

[Event "2010 Standard Chess Dropout Tournament, Round 2"]
[Site "SchemingMind.com"]
[Date "2010.03.07"]
[Round "2"]
[White "air666"]
[Black "TONYTODD11"]
[Result "1-0"]
[WhiteCountry "GER"]
[BlackCountry "ENG"]
[WhiteElo "1453"]
[WhiteRD "89"]
[BlackElo "1421"]
[BlackRD "77"]
[GameID "240602"]

1. e4 c6 2. d4 d5 3. Nf3 Bg4 4. Be2 dxe4 5. Ng5 Nf6 6. Bxg4 h5 7. Bf5 g6 8. Bxg6 fxg6 9. Nc3 Qd6 10. Ngxe4 Nxe4
11. Nxe4 Qb4+ 12. Qd2 Qb6 13. O-O Nd7 14. Qe3 e6 15. Nc5 Nxc5 16. dxc5 Bxc5 17. Qxe6+ Be7 18. Qxg6+ Kd7 19. Rd1+ Kc7 20. Bf4+
1-0

[Event "2010 Standard Chess Dropout Tournament, Round 2"]
[Site "SchemingMind.com"]
[Date "2010.03.03"]
[Round "2"]
[White "andu"]
[Black "dmichael"]
[Result "0-1"]
[WhiteCountry "AUT"]
[BlackCountry "USA"]
[WhiteElo "2150"]
[WhiteRD "61"]
[BlackElo "2565"]
[BlackRD "92"]
[GameID "240603"]

1. e4 c5 2. Nf3 d6 3. d4 cxd4 4. Nxd4 Nf6 5. Nc3 a6 6. Be3 e5 7. Nf3 Be7 8. Bc4 O-O 9. O-O Nc6 10. Re1 b5
11. Bd3 Na5 12. Bg5 Be6 13. Bxf6 Bxf6 14. Nd5 Bxd5 15. exd5 Qc7 16. Nd2 Rfc8 17. Qg4 g6 18. Qb4 Nb7 19. a4 bxa4 20. Qxa4 Nc5
21. Qg4 e4 22. Bxe4 Bxb2 23. Rab1 Bc3 24. Red1 a5 25. Bf5 Rcb8 26. Rxb8+ Rxb8 27. Nc4 a4 28. Qg3 Bg7 29. Bd3 Nxd3 30. cxd3 Ra8
31. Na3 Qc5 32. d4 Bxd4
0-1

[Event "2010 Standard Chess Dropout Tournament, Round 2"]
[Site "SchemingMind.com"]
[Date "2010.03.07"]
[Round "2"]
[White "Apocalypse"]
[Black "jacekp_05"]
[Result "1-0"]
[WhiteCountry "USA"]
[BlackCountry "POL"]
[WhiteElo "2605"]
[WhiteRD "77"]
[BlackElo "1902"]
[BlackRD "115"]
[GameID "240604"]

1. e4 e6 2. Nf3 d5 3. e5 c5 4. b4 cxb4 5. d4 Nc6 6. a3 b3 7. cxb3 f6 8. Nc3 fxe5 9. dxe5 Bc5 10. b4 Bb6
11. Nb5 Bc7 12. Nxc7+ Qxc7 13. Qc2 a6 14. Bd3 g6 15. Bg5 Qg7 16. O-O Nxe5 17. Nxe5 Qxe5 18. f4 Qd4+ 19. Kh1 Qg7 20. Rac1 Nf6
21. Qc5 Rf8 22. Qb6 Rf7 23. Rxc8+ Rxc8 24. Qxe6+ Kd8 25. b5 Rcc7 26. bxa6 bxa6 27. Rb1 Rc8 28. Bxa6
1-0

[Event "2010 Standard Chess Dropout Tournament, Round 2"]
[Site "SchemingMind.com"]
[Date "2010.03.03"]
[Round "2"]
[White "Archon"]
[Black "Phillip Beckett"]
[Result "1/2-1/2"]
[WhiteCountry "CAN"]
[BlackCountry "ENG"]
[WhiteElo "1664"]
[WhiteRD "61"]
[BlackElo "1730"]
[BlackRD "62"]
[GameID "240605"]

1. Nf3 Nf6 2. c4 d5 3. g3 e6 4. d4 Be7 5. Bg2 c6 6. Qc2 O-O 7. O-O Nbd7 8. Rd1 dxc4 9. Qxc4 Qc7 10. Qc2 e5
11. dxe5 Nxe5 12. Bf4 Nxf3+ 13. Bxf3 Qb6 14. Be3 Qc7=
1/2-1/2

[Event "2010 Standard Chess Dropout Tournament, Round 2"]
[Site "SchemingMind.com"]
[Date "2010.03.06"]
[Round "2"]
[White "Argeon"]
[Black "pjl1015"]
[Result "0-1"]
[WhiteCountry "BEL"]
[BlackCountry "USA"]
[WhiteElo "2036"]
[WhiteRD "106"]
[BlackElo "2456"]
[BlackRD "115"]
[GameID "240607"]

1. e4 c5 2. Nf3 Nc6 3. d4 cxd4 4. Nxd4 e5 5. Nb5 d6 6. c4 Be7 7. Be2 f5 8. exf5 Bxf5 9. Bg5 a6 10. Bxe7 Kxe7
11. N5c3 Nf6 12. O-O Qb6 13. Qd2 Kf7 14. Nd5 Nxd5 15. Qxd5+ Be6 16. Qf3+ Kg8 17. b3 Rf8 18. Qd3 Nd4 19. Nd2 h5 20. Rfe1 h4
21. Nf3 Bf5 22. Qd2 Nxe2+ 23. Rxe2 Qc6 24. c5 Qxc5 25. Rc1 Qb5 26. Rc4 Be6 27. Rce4 Rh6 28. Nxh4 Qb6 29. Nf3 Rxf3 30. gxf3 Rg6+
31. Kh1 Bh3 32. Rc4 Bg2+ 33. Kg1 Bxf3+ 34. Kf1 Bxe2+ 35. Qxe2 Kf7 36. Qh5 Qb5 37. a4 Qd7 38. Rc3 Qg4 39. Rc7+ Ke6 40. Qxg4+ Rxg4
41. Rxb7 g5 42. Rb6 Rd4 43. a5 Rd3 44. Kg2 g4 45. b4 Rb3 46. Rxa6 Rxb4 47. Ra8 Rb3 48. Rg8 d5 49. Rxg4 Ra3 50. Rg6+ Kf5
51. Ra6 d4 52. Ra8 Ke4 53. a6 Kd3 54. h3 Ke2 55. Re8 Rxa6 56. Rxe5+ Kd2 57. f4 d3 58. Kf3 Rd6 59. Rc5 Kd1 60. Rc4 d2
61. Kf2 Ra6 62. h4 Ra1 63. Rc7 Rc1 64. Rd7 Kc2 65. Rc7+ Kb3 66. Rb7+ Kc4 67. Rc7+ Kb5 68. Rd7 d1=Q 69. Rxd1 Rxd1 70. Kg3 Kc5
71. Kg4 Kd5 72. Kf5 Rh1 73. Kg5 Ke6 74. Kg4 Rg1+
0-1

[Event "2010 Standard Chess Dropout Tournament, Round 2"]
[Site "SchemingMind.com"]
[Date "2010.03.06"]
[Round "2"]
[White "Artur"]
[Black "Dreadtower"]
[Result "0-1"]
[WhiteCountry "POL"]
[BlackCountry "ENG"]
[WhiteElo "1810"]
[WhiteRD "90"]
[BlackElo "1787"]
[BlackRD "110"]
[GameID "240609"]

1. e4 c5 2. Nc3 Nc6 3. g3 g6 4. Bg2 Bg7 5. d3 d6 6. Nge2 e5 7. Nd5 Nge7 8. Bg5 h6 9. Bf6 O-O 10. Nxe7+ Nxe7
11. Bxe7 Qxe7 12. c4 Bd7 13. Nc3 Bc6 14. O-O a6 15. a4 Qd7 16. h4 b5 17. axb5 axb5 18. b3 b4 19. Ne2 Rxa1 20. Qxa1 Ra8
21. Qb2 Qa7 22. Bh3 Qa2 23. Qxa2 Rxa2 24. Nc1 Ra1 25. f3 h5 26. g4 Bd7 27. Kg2 Bf6 28. g5 Bxh3+ 29. Kxh3 Be7 30. Kg2 f6
31. gxf6 Bxf6 32. Rh1 g5 33. hxg5 Bxg5 34. Kg3 Rxc1 35. Rxc1 Bxc1 36. Kh4 Kh7
0-1

[Event "2010 Standard Chess Dropout Tournament, Round 2"]
[Site "SchemingMind.com"]
[Date "2010.03.04"]
[Round "2"]
[White "auxarlier"]
[Black "Faloan"]
[Result "1/2-1/2"]
[WhiteCountry "FRA"]
[BlackCountry "GER"]
[WhiteElo "2137"]
[WhiteRD "100"]
[BlackElo "2148"]
[BlackRD "85"]
[GameID "240610"]

1. d4 Nf6 2. Bf4 g6 3. e3 Bg7 4. c3 d6 5. Nf3 Nbd7 6. Nbd2 O-O 7. Bd3 Re8 8. O-O e5 9. Bg5 h6 10. Bxf6 Nxf6
11. dxe5 dxe5 12. Qc2 Qe7 13. Ne4 Nxe4 14. Bxe4 c6 15. Rfd1 f5 16. Bd3 Be6 17. e4 f4 18. Qe2 g5 19. Bc4 Bxc4 20. Qxc4+ Kh7
21. h3 Rad8 22. Ne1 Rd7 23. Rd3 Red8=
1/2-1/2

[Event "2010 Standard Chess Dropout Tournament, Round 2"]
[Site "SchemingMind.com"]
[Date "2010.03.03"]
[Round "2"]
[White "BigB"]
[Black "montinskij"]
[Result "1-0"]
[WhiteCountry "SVK"]
[BlackCountry "USA"]
[WhiteElo "2518"]
[WhiteRD "85"]
[BlackElo "2118"]
[BlackRD "134"]
[GameID "240611"]

1. e4 e5 2. Nf3 Nf6 3. Nxe5 d6 4. Nf3 Nxe4 5. d4 d5 6. Bd3 Nc6 7. O-O Be7 8. c4 Nb4 9. Be2 O-O 10. Nc3 Bf5
11. a3 Nxc3 12. bxc3 Nc6 13. Re1 Re8 14. cxd5 Qxd5 15. Bf4 Bd6 16. c4 Qe4 17. Be3 Rad8 18. c5 Be7 19. Qb3 b6 20. Bb5 Be6
21. Qa4 Bd5 22. cxb6 Qg6 23. bxc7 Bxf3 24. g3 Rc8 25. Bf4 Bf8 26. Rxe8 Rxe8 27. Rc1 Qe6 28. Be5 Qh3 29. Bf1 Qe6 30. Bg2 Bxg2
31. Kxg2 Qd5+ 32. Kg1 Nxe5 33. Qxe8 Nf3+ 34. Kf1 Nxh2+= 35. Ke1 Qh1+ 36. Kd2 Nf3+ 37. Kd3 Qxc1 38. c8=Q Qd2+ 39. Ke4 Ng5+ 40. Kd5 Qa2+
41. Kc6 Ne6 42. Qcd7 Qxf2 43. Kb7 g6 44. Qd6 Kg7 45. Qe5+ Kh6 46. Qc8 Qf3+ 47. d5 Bg7 48. Qc1+ g5 49. Qd6 Bf8 50. Qdc6 Qb3+
51. Ka8 a5 52. dxe6
1-0

[Event "2010 Standard Chess Dropout Tournament, Round 2"]
[Site "SchemingMind.com"]
[Date "2010.03.07"]
[Round "2"]
[White "Black Five"]
[Black "Brennan Price"]
[Result "0-1"]
[WhiteCountry "WLS"]
[BlackCountry "USA"]
[WhiteElo "1739"]
[WhiteRD "106"]
[BlackElo "2143"]
[BlackRD "104"]
[GameID "240612"]

1. d4 Nf6 2. c4 e6 3. Nc3 Bb4 4. Qc2 Nc6 5. Nf3 d6 6. a3 Bxc3+ 7. Qxc3 O-O 8. e3 a5 9. Bd2 e5 10. dxe5 Ne4
11. Qc2 Nxd2 12. Qxd2 dxe5 13. Rd1 Bg4 14. Be2 Qf6 15. O-O Qg6 16. Nh4 Qh5 17. Bxg4 Qxg4 18. g3 Qxc4 19. Rc1 Qe6 20. Rfd1 Rfd8
21. Qe2 Rxd1+ 22. Rxd1 Rd8 23. Rxd8+ Nxd8 24. Nf3 f6 25. Nd2 Qc6 26. Nb3 b6 27. f4 Nf7 28. Qg2 Qxg2+ 29. Kxg2 exf4 30. exf4 Nd6
31. Nd2 Kf7 32. Kf3 Ke6 33. Ke3 Kd5 34. Kd3 c5 35. b3 b5 36. Kc3 Ne4+ 37. Nxe4 Kxe4 38. a4 b4+ 39. Kc4 f5 40. h4 h5
0-1

[Event "2010 Standard Chess Dropout Tournament, Round 2"]
[Site "SchemingMind.com"]
[Date "2010.03.06"]
[Round "2"]
[White "Brennan Price"]
[Black "thebirdolux"]
[Result "0-1"]
[WhiteCountry "USA"]
[BlackCountry "USA"]
[WhiteElo "2143"]
[WhiteRD "104"]
[BlackElo "2484"]
[BlackRD "86"]
[GameID "240613"]

1. e4 c5 2. Nf3 Nc6 3. d4 cxd4 4. Nxd4 e5 5. Nb5 d6 6. N1c3 a6 7. Na3 b5 8. Nd5 Nf6 9. Bg5 Be7 10. Bxf6 Bxf6
11. c4 b4 12. Nc2 O-O 13. Be2 Rb8 14. Bg4 Be6 15. Qf3 Bg5 16. h4 Bxh4 17. Qh3 Bxg4 18. Qxg4 Bg5 19. O-O a5 20. b3 Re8
21. Rfd1 Re6 22. Ne1 Rg6 23. Nf3 Be3 24. Qh4 Bc5
0-1

[Event "2010 Standard Chess Dropout Tournament, Round 2"]
[Site "SchemingMind.com"]
[Date "2010.03.07"]
[Round "2"]
[White "Buckaroo Bob"]
[Black "Archon"]
[Result "1-0"]
[WhiteCountry "USA"]
[BlackCountry "CAN"]
[WhiteElo "1953"]
[WhiteRD "84"]
[BlackElo "1656"]
[BlackRD "60"]
[GameID "240614"]

1. c4 e5 2. Nc3 d6 3. d4 exd4 4. Qxd4 Nc6 5. Qd2 Nf6 6. b3 a5 7. Bb2 a4 8. Rd1 axb3 9. axb3 g6 10. Nd5 Bg7
11. Qg5 h6 12. Nxf6+ Bxf6 13. Qxf6 Qxf6 14. Bxf6 O-O 15. Ra1 Bf5 16. Nf3 Nb4 17. Rxa8 Rxa8 18. Nd4 Ra1+ 19. Kd2 Bd7 20. Nb5 Ra2+
21. Kd1 Bxb5 22. cxb5 Ra3 23. Bd8 Nd5 24. Kc2 c6 25. Kb2 Ra8 26. e4
1-0